UBT Library

Ndertimi i nje aplikacioni mobil per njohje dhe perkthim te teksteve ne objekte fizike (Record no. 54864)

000 -LEADER
fixed length control field 00331nam a22001217a 4500
008 - FIXED-LENGTH DATA ELEMENTS--GENERAL INFORMATION
fixed length control field 190316b xxu||||| |||| 00| 0 eng d
041 ## - LANGUAGE CODE
Language code of text/sound track or separate title eng
080 ## - UNIVERSAL DECIMAL CLASSIFICATION NUMBER
Universal Decimal Classification number 043.3
100 ## - Rafti
Rafti 0
101 ## - Shkurtesa
Shkurtesa SHKI-BA
245 ## - TITLE STATEMENT
Title Ndertimi i nje aplikacioni mobil per njohje dhe perkthim te teksteve ne objekte fizike
Statement of responsibility, etc Osmonaj, I
942 ## - ADDED ENTRY ELEMENTS (KOHA)
Source of classification or shelving scheme
Item type Books
Holdings
Withdrawn status Lost status Source of classification or shelving scheme Damaged status Not for loan Collection code Permanent location Current location Shelving location Date acquired Total Checkouts Full call number Barcode Date last seen Price effective from Koha item type
          Koleksioni i përgjithshem UBT - Lipjan UBT - Lipjan Disertacionet 03/16/2019   043.3 Osmonaj, I 2018 SHKI 002-3023357 03/16/2019 03/16/2019 Dissertation
UBT Library © 2015-2024. All rights reserved University Education for Business and Technology